Európske priemyselné okresy majú perspektívu
Vplyv priemyselných okresov na politiku zamestnanosti. Definícia priemyselných okresov. Európske siete otvorených okresov a ich ciele. Posun od internacionalizácii ku globalizácii. Priemyselné okresy v jednotlivých oblastiach sveta (Severná Amerika, Latinská Amerika, Ázia, Európa).
Enregistré dans:
| Format: | Chapitre de livre |
|---|---|
| Langue: | slovaque |
| Sujets: | |
| Tags: |
Pas de tags, Soyez le premier à ajouter un tag!
|
MARC
| LEADER | 00000naa$a2200000$$$4500 | ||
|---|---|---|---|
| 001 | 0028931 | ||
| 005 | 20231004125830.4 | ||
| 041 | 0 | |a slo | |
| 044 | |a SK | ||
| 245 | 1 | 0 | |a Európske priemyselné okresy majú perspektívu |
| 520 | |a Vplyv priemyselných okresov na politiku zamestnanosti. Definícia priemyselných okresov. Európske siete otvorených okresov a ich ciele. Posun od internacionalizácii ku globalizácii. Priemyselné okresy v jednotlivých oblastiach sveta (Severná Amerika, Latinská Amerika, Ázia, Európa). | ||
| 610 | 2 | 0 | |a spolupráca hospodárska medzinárodná |
| 610 | 2 | 0 | |a rozvoj regionálny |
| 610 | 2 | 0 | |a rozvoj hospodársky |
| 610 | 2 | 0 | |a okresy |
| 610 | 2 | 0 | |a priemysel |
| 610 | 2 | 0 | |a zamestnanosť |
| 610 | 2 | 0 | |a technológie nové |
| 610 | 2 | 0 | |a komunikácia |
| 610 | 2 | 0 | |a ochrana prostredia životného |
| 610 | 2 | 0 | |a globalizácia |
| 610 | 2 | 0 | |a Európska únia |